Christmas - True or False - Statistics

General Stats
  • This quiz has been taken 119 times
  • The average score is 10 of 13
Answer Stats
Question Answer % Correct
Saint Rudolph is said to be the one who delivers presents. False
93%
Frosty the Snowman leaves Christmas presents. False
93%
Christmas is on December 21st. False
93%
In the movie, Elf, the elf is named Buddy. True
93%
Some people put a star or angel on the top of the Christmas tree. True
93%
Coal in your stocking is a sign that you did not behave. True
93%
In the movie Home Alone: Lost in New York, the main character is Kevin. True
93%
There is always snow on Christmas. False
86%
Santa has seven reindeer. False
71%
Christmas was made for the birth of Jesus. True
71%
On the twelfth day of Christmas gave me twelve Drummers Drumming. True
50%
In the movie Home Alone, the robbers' names are Murph and Harry. False
43%
Christmas is on the same day as No "L" Day. True
43%
No matching quizzes found
Score Distribution
Percent of People with Each Score
Percentile by Number Answered
Your Score History
You have not taken this quiz